Balto : (Registro nro. 31622)
[ vista simple ]
| 000 -CABECERA | |
|---|---|
| Longitud fija campo de control | 00570nam a2200181 a 4500 |
| 003 - • IDENTIFICADOR DELl NÚMERO DE CONTROL | |
| Identificador del número de control | CO-ViMGA |
| 008 - • CÓDIGOS DE INFORMACIÓN DE LONGITUD FIJA | |
| Códigos de información de longitud fija | 141112s2004 ck r 000 u spa d |
| 040 ## - FUENTE DE LA CATALOGACIÓN | |
| Centro catalogador de origen | CO-ViMGA |
| Lengua de catalogación | spa |
| Centro transcriptor | CO-ViMGA |
| 082 04 - • NÚMERO DE LA CLASIFICACIÓN DECIMAL DEWEY | |
| Número de clasificación (R) | Av778.5347 B158 |
| 245 10 - • TITULO PROPIAMENTE DICHO | |
| Título | Balto : |
| Resto del título | La leyenda del perro jasky (Videograbacion) |
| 246 ## - • VARIANTES DE TÍTULO | |
| Título propio / Título en breve | Aladino y su lampara maravillosa \ Popeye encuentra a Simbad el marino |
| 300 ## - • DESCRIPCIÓN FÍSICA | |
| Extensión | 1 Cd - Rom (60 min.) son., col. |
| 490 ## - • MENCIÓN DE SERIE | |
| Mención de serie | Cuentos clasicos |
| 650 14 - • PUNTO DE ACCESO ADICIONAL DE MATERIA - TÉRMINO DE MATERIA | |
| Término de materia o nombre geográfico como elemento inicial | Dibujos animados - Peliculas |
| 942 ## - ENTRADA DE ELEMENTOS AGREGADOS (KOHA) | |
| Fuente de clasificaión o esquema | Dewey Decimal Classification |
| Koha [por defecto] tipo de item | LIbro |
| Perdido | Fuente de clasificación o esquema | Estado Físico | No para préstamo | Forma de adquisición | Localización permanente | Localización actual | Fecha adquisición | Serie de enumeración / cronolog&íacute;a | Préstamos totales | Signatura completa | Código de barras | Fecha última consulta | Número de copia | Fecha del precio de reemplazo | Tipo de item de Koha |
|---|---|---|---|---|---|---|---|---|---|---|---|---|---|---|---|
| Dewey Decimal Classification | Sala de Música Segundo Piso | Biblioteca Pública Germán Arciniegas - Villavicencio | Biblioteca Pública Germán Arciniegas - Villavicencio | 12/04/2015 | 27/ene/2011 | Av778.5347 B158 | 23942 | 12/04/2015 | Ej. 1 | 12/04/2015 | LIbro |